| 000 | 00839nmm a2200301 a 4500 | ||
|---|---|---|---|
| 003 | AR-BaBNM | ||
| 005 | 20251128211427.0 | ||
| 008 | 304020s1998 ||||||||||||||000 | spa|| | ||
| 020 | _a987-507-066-1 | ||
| 040 | _cAR-BaBNM | ||
| 100 | 1 | _aHummer, Waldemar | |
| 245 | 1 | 0 |
_aGATT, ALADI y NAFTA _bpertenencia simultánea a distintos sistemas de integración |
| 260 |
_aBuenos Aires _bCiudad Argentina _c1998 |
||
| 300 | 0 | _a168 p. | |
| 650 | 4 | _aINTEGRACION ECONOMICA | |
| 650 | 4 | _aINTEGRACION REGIONAL | |
| 650 | 4 | _aSIGLO VEINTE | |
| 650 | 4 | _aGEOPOLITICA | |
| 650 | 4 | _aMERCADOS | |
| 650 | 4 | _aLEGISLACION | |
| 650 | 4 | _aORGANIZACIONES GUBERNAMENTALES | |
| 651 | 4 | _aMéxico | |
| 651 | _aAmérica Latina | ||
| 700 | 1 | _aPrager, Dietmar | |
| 700 | 1 |
_aRimoldi de Ladmann, Eve I. _eprologuista |
|
| 942 | _cBK | ||
| 998 | _cMariana | ||
| 999 |
_c19643 _d19643 |
||